| 000 | 01467cam a2200385 a 4500 | ||
|---|---|---|---|
| 001 | 16489533 | ||
| 003 | OSt | ||
| 005 | 20150408114148.0 | ||
| 008 | 101005s2011 enka b 001 0 eng | ||
| 010 | _a 2010041937 | ||
| 020 | _a9780415570664 (hardback) | ||
| 020 | _a0415570662 (hardback) | ||
| 020 | _a9780415570671 (pbk.) | ||
| 020 | _a0415570670 (pbk.) | ||
| 020 | _a9780203827826 (ebook) | ||
| 020 | _a0203827821 (ebook) | ||
| 035 | _a(OCoLC)ocn651914285 | ||
| 040 |
_aDLC _cDLC _dYDX _dBTCTA _dYDXCP _dCDX _dBWX _dDLC |
||
| 050 | 0 | 0 |
_aP40.8 _b.W34 2011 |
| 082 | 0 | 0 |
_a370.14 _222 _bWSE |
| 100 | 1 |
_aWalsh, Steve, _d1959- _939204 |
|
| 245 | 1 | 0 |
_aExploring classroom discourse : _blanguage in action / _cSteve Walsh. |
| 260 |
_aAbingdon, Oxon ; _aNew York : _bRoutledge, _c2011. |
||
| 300 |
_aix, 239 p. : _bill. ; _c24 cm. |
||
| 490 | 0 | _aRoutledge Introductions to applied linguistics | |
| 504 | _aIncludes bibliographical references and index. | ||
| 650 | 0 |
_aLanguage and education. _97674 |
|
| 650 | 0 | _aOral communication. | |
| 650 | 0 | _aDiscourse analysis. | |
| 650 | 0 |
_aInteraction analysis in education. _938839 |
|
| 650 | 0 | _aSecond language acquisition. | |
| 906 |
_a7 _bcbc _corignew _d1 _eecip _f20 _gy-gencatlg |
||
| 942 |
_2ddc _cBOOK |
||
| 999 |
_c31805 _d266305 |
||